| 000 | 00746nas a2200253 4500 | ||
|---|---|---|---|
| 001 | BR0801706 | ||
| 003 | BR-BrBNA | ||
| 005 | 20231205111735.0 | ||
| 007 | ta | ||
| 008 | 230509b bl.|||p| |||| 00| 00por d | ||
| 040 |
_aBR-BrBNA _bpor _cBiblioteca Nacional de Agricultura |
||
| 041 | _a(Pt) | ||
| 072 | _aL40 | ||
| 100 | 1 | _aPinto e Silva, J.R. de C. | |
| 100 | 1 | _aMartin, M.R.F.B. | |
| 100 | 1 | _aGuazzelli Filho, J. | |
| 245 | 1 | _aEstudo da anatomia do baço do gambá (Didelphis albiventris) | |
| 650 | _aANATOMIA ANIMAL | ||
| 650 | _aBAÇO | ||
| 650 | _aGAMBÁ | ||
| 773 | 0 |
_tVeterinária Notícias (Brazil) _xISSN 0104-3463 _g(2005), v. 11(2) p. 19-21 _wBR0801706 |
|
| 909 |
_a202311 _bLúcia _c55 _dLúcia Elande |
||
| 942 |
_2AGRIS _n0 _cANA |
||
| 999 |
_c194250 _d194250 |
||